000 00424nam a2200145Ia 4500
008 150121s9999 xx 000 0 und d
020 _a0118-5012
245 _aLayag /
_h[electronic resource]
260 _bDe La Salle University,
_c1998.
516 _aElectronic text
650 _aSikolohiya (Psychology).
830 _aPhilippine E-Journals
856 _uhttp://www.ejournals.ph/index.php?journal=LAYAG
942 _cEJ
999 _c277047
_d277047